Coatings technology handbook / (Record no. 60870)

000 -LEADER
fixed length control field 01343cam a22003134a 4500
001 - CONTROL NUMBER
control field 13809487
003 - CONTROL NUMBER IDENTIFIER
control field NUST-PNEC
005 - DATE AND TIME OF LATEST TRANSACTION
control field 20170116180709.0
008 - FIXED-LENGTH DATA ELEMENTS--GENERAL INFORMATION
fixed length control field 041208s2005 flua bf 001 0 eng
010 ## - LIBRARY OF CONGRESS CONTROL NUMBER
LC control number 2004064923
020 ## - INTERNATIONAL STANDARD BOOK NUMBER
International Standard Book Number 1574446495
040 ## - CATALOGING SOURCE
Transcribing agency PNEC
042 ## - AUTHENTICATION CODE
Authentication code pcc
050 00 - LIBRARY OF CONGRESS CALL NUMBER
Classification number TP156.C57
Item number C62 2005
082 00 - DEWEY DECIMAL CLASSIFICATION NUMBER
Classification number 667.9 TRA
Edition number 22
100 ## - MAIN ENTRY--PERSONAL NAME
9 (RLIN) 476
Personal name Tracton, Arthur A.
245 00 - TITLE STATEMENT
Title Coatings technology handbook /
Statement of responsibility, etc. edited by Arthur A. Tracton.
250 ## - EDITION STATEMENT
Edition statement 3rd ed.
260 ## - PUBLICATION, DISTRIBUTION, ETC.
Place of publication, distribution, etc. Boca raton, FL :
Name of publisher, distributor, etc. Taylor & Francis,
Date of publication, distribution, etc. 2005.
300 ## - PHYSICAL DESCRIPTION
Extent 1 v. (various pagings) :
Other physical details ill. ;
Dimensions 26 cm.
500 ## - GENERAL NOTE
General note Includes Index http://www.amazon.com/Coatings-Technology-Handbook-Arthur-Tracton/dp/1574446495/ref=sr_1_1?s=books&ie=UTF8&qid=1412163708&sr=1-1&keywords=1574446495
504 ## - BIBLIOGRAPHY, ETC. NOTE
Bibliography, etc. note Includes bibliographical references and index.
650 #0 - SUBJECT ADDED ENTRY--TOPICAL TERM
Topical term or geographic name entry element Coating processes
Form subdivision Handbooks, manuals, etc.
General subdivision ME, IME
700 1# - ADDED ENTRY--PERSONAL NAME
Personal name Tracton, Arthur A.
856 42 - ELECTRONIC LOCATION AND ACCESS
Materials specified Publisher description
Uniform Resource Identifier <a href="http://www.loc.gov/catdir/enhancements/fy0648/2004064923-d.html">http://www.loc.gov/catdir/enhancements/fy0648/2004064923-d.html</a>
906 ## - LOCAL DATA ELEMENT F, LDF (RLIN)
a 7
b cbc
c orignew
d 1
e ocip
f 20
g y-gencatlg
942 ## - ADDED ENTRY ELEMENTS (KOHA)
Source of classification or shelving scheme
Koha item type Book
Holdings
Withdrawn status Lost status Source of classification or shelving scheme Damaged status Not for loan Permanent Location Current Location Shelving location Date acquired Source of acquisition Cost, normal purchase price Total Checkouts Full call number Barcode Date last seen Cost, replacement price Price effective from Koha item type
          Pakistan Navy Engineering College (PNEC) Pakistan Navy Engineering College (PNEC) Reference 08/29/2007 Royal Book Company 1863.00   667.9 TRA PNECLIB-028393 10/01/2014 1863.00 08/29/2007 Book
© 2023 Central Library, National University of Sciences and Technology. All Rights Reserved.